| 000 | 00988nam a2200265Ia 4500 | ||
|---|---|---|---|
| 003 | Ost | ||
| 005 | 20260507075653.0 | ||
| 008 | 260507s9999||||xx |||||||||||||| ||und|| | ||
| 020 | _a2404119957 | ||
| 040 | _cfsecg | ||
| 041 | _aara | ||
| 082 | _a346.096 | ||
| 100 |
_aطوالبة، مؤيد حسن محمد _eمؤلف |
||
| 245 | 0 |
_aحسابات الصكوك ومسؤولية المصارف : _bالشيكات / _c مؤيد حسن محمد طوالبة |
|
| 260 |
_aعمان: _bدار وائل للنشر والتوزيع, _c2004 |
||
| 300 |
_a252 صفحة؛ _bإيضاحات ؛ _c25 سم |
||
| 504 | _aالمراجع ص.239 | ||
| 520 | _aمفهوم حساب الصكوك- أحكام حساب الصكوك- مسؤولية المصرف في ميدان حساب الصكوك. | ||
| 653 | _aالأوراق التجارية | ||
| 653 | _aالسندات البنكية | ||
| 653 | _aالشيكات | ||
| 653 | _aالشيكات | ||
| 653 | _aالمصارف | ||
| 942 | _cكتاب | ||
| 999 |
_c45638 _d45638 |
||